00262pam a2200109 a 4500020000500000041000500005082001300010100002200023245004800045260004300093300001600136 c h a743bDES aMilind paranjape. aChitre Rangava VhanachihTextual Documents a[s.l]:bJyotsna Prakashan Pune,c2014. a15:bpaper.